Tvorba finančného plánu výrobného podniku: softvérová simulácia tvorby výstupov finančného plánu dizertačná práca

Saved in:
Bibliographic Details
Main Author: Marhefka, Peter
Corporate Author: Fakulta podnikového manažmentu EU. Katedra podnikových financií
Other Authors: Kráľovič, Jozef
Format: Book
Language:Slovak
Published: Bratislava 2009
Subjects:
Tags: Add Tag
No Tags, Be the first to tag this record!

MARC

LEADER 00000nam$a2200000$$$4500
001 0107265
005 20221207101351.3
041 0 |a slo 
044 |a SK 
245 1 0 |a Tvorba finančného plánu výrobného podniku: softvérová simulácia tvorby výstupov finančného plánu  |b dizertačná práca  |c Peter Marhefka ; škol. Jozef Kráľovič 
264 1 |a Bratislava  |c 2009 
300 |a 163 s. 
610 2 0 |a plán finančný 
610 2 0 |a podnik výrobný 
610 2 0 |a softvér 
100 1 |a Marhefka, Peter 
700 1 |a Kráľovič, Jozef 
710 2 |a Fakulta podnikového manažmentu EU. Katedra podnikových financií